Estadísticas para Palmarés ATP Finals

Haz click aquí para intentar la prueba.

Estadísticas generales

  • Esta prueba ha sido intentada 18 veces
  • La puntuación promedio es 5 de 10

Estadísticas de respuestas

TítulosAño de los títulosTenista% Correcto
72008, 2012, 2013, 2014, 2015, 2022 y 2023Novak Djokovic
100%
62003, 2004, 2006, 2007, 2010 y 2011Roger Federer
100%
51991, 1994, 1996, 1997 y 1999Pete Sampras
56%
21979 y 1980Björn Borg
44%
31978, 1983 y 1984John McEnroe
44%
22018 y 2021Alexander Zverev
39%
31988, 1992 y 1995Boris Becker
28%
51981, 1982, 1985, 1986 y 1987Ivan Lendl
28%
22001 y 2002Lleyton Hewitt
28%
41971, 1972, 1973 y 1975Ilie Năstase
17%

Distribución de puntuación

Porcentaje por número respondido

Porcentaje de gente con cada puntuación

Historial de tus puntuaciones

No has intentado esta prueba.